000
00270nam a22001217a 4500
082
_a
823
_b
DAS/P
100
_a
DAS, MANOJ
245
_a
PET IN THE HOUSE AND OTHER STORIES
260
_a
BOMBAY
_b
OXFORD
_c
1992
300
_a
84
650
_a
ENGLISH STORY
_z
INDIA
942
_c
BK
999
_c
7387
_d
7387